Τεχνολογίες παραγωγής

Saved in:
Bibliographic Details
Main Author: Τσουρβελούδης, Νικόλαος
Other Authors: Νικολός, Ιωάννης Κ.
Format: Book
Language:Greek
Published: Χανιά : Πολυτεχνείο Κρήτης, 2014.
Subjects:
Tags: Add Tag
No Tags, Be the first to tag this record!

MARC

LEADER 00000cam a2200000 a 4500
001 1/121035
008 200303s2014####gr | ||| |||| ||gre||
020 |a 9786188153707 
040 |a GR-MyUa  |b gre  |c GR-MyUa  |e AACR2 
041 0 |a gre 
082 7 |a 670.427   |2 (23) 
100 1 |a Τσουρβελούδης, Νικόλαος. 
245 1 0 |a Τεχνολογίες παραγωγής /   |c Νικόλαος Τσουρβελούδης, Ιωάννης Νικολός. 
260 |a Χανιά :   |b Πολυτεχνείο Κρήτης,   |c 2014. 
300 |a xvi, 386 σ. :   |b εικ. ;   |c 25 εκ. 
504 |a Βιβλιογραφία: σ. 377-378. Ευρετήριο. 
650 0 |a Manufacturing processes. 
700 1 |a Νικολός, Ιωάννης Κ. 
852 |a INST  |b SYROS  |c EUDOXUS  |e 20200303  |h 670.427 ΤΣΟ  |p 005500015041  |q 005500015041  |t EDX  |y 0 
920 |a Εύδοξος  |b Παραγγελία  |y Σύρος-ΤΜΣΠΣ  |z 2020-02 
970 |a Κοντού  |b Παρασκευή  |z 03/03/2020